| 000 | 02646cam a2200313 4500500 | ||
|---|---|---|---|
| 005 | 20260111112251.0 | ||
| 041 | _afre | ||
| 042 | _adc | ||
| 100 | 1 | 0 |
_aMazéas, Dominique _eauthor |
| 245 | 0 | 0 | _aLes ancrages corporels du langage chez les enfants autistes |
| 260 | _c2018. | ||
| 500 | _a76 | ||
| 520 | _aLes recherches menées par le groupe « Émergences du langage » de la CIPPA invitent à prendre en compte l’importance des ancrages corporels dans le déploiement du langage verbal chez les personnes autistes. Les réflexes toniques et l’utilisation inconsciente des substances corporelles correspondent à une forme d’expression du patient. Le thérapeute cherche à en révéler la signification émotionnelle afin de rendre cette expressivité partageable. Le patient investit alors davantage l’ensemble de son corps dans la rencontre avec l’autre. Les différents mouvements qui animent l’espace de sa bouche se coordonnent plus facilement et l’intégration psychique de cette coordination libère le plaisir de vocaliser. Les gestes ou les commentaires du thérapeute qui permettent un effet de représentation des angoisses de disparition du patient lorsqu’il s’adresse à l’autre, facilitent ensuite le détachement du langage de sa base corporelle. | ||
| 520 | _aThe research of the group on the emergence of language of CIPPA invites to think how necessary are bodily supports for the autistics people beginning to speak. Tonic reflexes and unconsciously used bodily substances are a way to express something that the therapist has to translate into sharable emotional experiences. In this way, body’s psychic investment when the patient meets someone is increased. The various movements felt in the mouth can be coordinated and by integrating this coordination the patient can feel the pleasure of vocalizations. Body anchoring becomes less necessary when therapist’s actions and comments lead to representative work of patient’s vanishing fears in the relationship. | ||
| 690 | _abouche | ||
| 690 | _acoordination des sensations | ||
| 690 | _amouvement d’adresse | ||
| 690 | _aréflexes toniques | ||
| 690 | _arespiration | ||
| 690 | _asubstances corporelles | ||
| 690 | _aAddressing movement | ||
| 690 | _aBodily substances | ||
| 690 | _aBreathing | ||
| 690 | _aMouth | ||
| 690 | _aSensorial coordination | ||
| 690 | _aTonic reflexes | ||
| 786 | 0 | _nJournal de la psychanalyse de l'enfant | 8 | 1 | 2018-04-03 | p. 145-166 | 0994-7949 | |
| 856 | 4 | 1 | _uhttps://shs.cairn.info/revue-journal-de-la-psychanalyse-de-l-enfant-2018-1-page-145?lang=fr&redirect-ssocas=7080 |
| 999 |
_c1631974 _d1631974 |
||